LEADER 01453nam a2200277 u 4500 001 000000042982 003 CaOOAMICUS 005 20070226114403.0 008 990315s1998 vc u000 u ita u 035 $a10817295 040 $aPUL(R)$bita 110 2 $aCongregatio pro Institutione Catholica.$0(OLS)http://pul/name/3756 245 10$aNorme fondamentali per la formazione dei diaconi permanenti. Direttorio per il ministero e la vita dei diaconi permanenti /$cCongregazione per l'educazione cattolica ; Congregazione per il clero. 246 33$aDirettorio per il ministero e la vita dei diaconi permanenti 260 $aCittà del Vaticano :$bLibreria editrice vaticana,$c1998. 300 $a149 p. ;$c21 cm 504 $aBibliografia in nota. 650 4$aDiaconato.$0(OLS)http://pul/subject/6020 710 2 $aCongregatio pro Clericis.$0(OLS)http://pul/name/15817 850 $aPUL 852 $aPUL$W1$xSL Religione 1$y3$m68 E 176$j57965$nBK-PRI$b $qStampati$B57965$CPULBib$Z2$F57965 $H $81 941 1 $a8 961 $aINV: 78310 996 $6245$aNorme fondamentali per la formazione dei diaconi permanenti. Direttorio per il ministero e la vita dei diaconi permanenti$9(OLS)http://pul/title/57972 996 $6246$aDirettorio per il ministero e la vita dei diaconi permanenti$9(OLS)http://pul/title/57973 996 $6260$aCittà del Vaticano :$bLibreria editrice vaticana$9(OLS)http://pul/publisher/47920 LEADER 01322nam a2200289 a 4500 001 000000130319 003 CaOOAMICUS 005 20120921133929.0 008 120921s2012 gw u000 u ger r 020 $z9783775257640* 040 $aPUL$bita 100 1 $aStieldorf, Andrea.$0(OLS)http://pul/name/83517 245 10$aMarken und Markgrafen :$bStudien zur Grenzsicherung durch die fränkisch-deutschen Herrscher /$cAndrea Stieldorf. 260 $aHannover :$bHahnsche Buchhandlung,$c©2012. 300 $aCX, 623 p. ;$c24 cm 490 1 $aMonumenta Germaniae historica. Schriften ;$v64 500 $aInclude indice. 504 $aInclude bibliografia. 650 4$aCarolingi$xPolitica$yMedioevo.$0(OLS)http://pul/subject/13909 830 0$aMonumenta Germaniae historica.$pSchriften ;$v64.$0(OLS)http://pul/title/155481 850 $aPUL 852 $aPUL$W1$xSL Cons. Gen., Altre Classi 1$y1$m2017 F 6.64$j150847$qStampati$B149426$CPULBib$Z2$F149426 $H120737 $82 941 1 $a8 996 $6020$z9783775257640*$9(OLS)http://pul/number/150567 996 $6245$aMarken und Markgrafen :$bStudien zur Grenzsicherung durch die fränkisch-deutschen Herrscher$9(OLS)http://pul/title/164714 996 $6260$aHannover :$bHahnsche Buchhandlung$9(OLS)http://pul/publisher/47941